000 00738nam a2200289 a 4500
001 39254
003 AR-BaAGN
005 20240713062545.0
007 ta
008 220625s1998 ag |||||r|||| ||||||spa d
020 _a987-96010-2-5
040 _dAR-BaAGN
_eaacr
_aAR-BaAGN
_bspa
100 1 _aPoggi, Rinaldo Alberto
245 1 0 _aFrontera sur :
_b1872
250 _a1ª ed.
260 _aBuenos Aires :
_bFundación Nuestra Historia,
_c1998.
300 _a167 páginas
336 _2rdacontent
_btxt
337 _2rdamedia
_bn
338 _2rdacarrier
_bnc
490 0 _aMonografías ;
_v4
650 4 _aPUEBLOS ORIGINARIOS
_92209
650 4 _aFRONTERAS
_91516
942 _cLIBRO
_n0
999 _c39254
_d39254